书目信息 |
| 题名: |
辞海 下册
|
|
| 作者: | 辞海编辑委员会 编 | |
| 分册: | ||
| 出版信息: | 上海 上海辞书出版社 1999.09 |
|
| 页数: | 2044页 | |
| 开本: | 16开 | |
| 丛书名: | ||
| 单 册: | ||
| 中图分类: | Z32 | |
| 科图分类: | ||
| 主题词: | 词典--中国 | |
| 电子资源: | ||
| ISBN: | 7-5326-0574-4 | |
| 000 | 00550nam0 2200193 45 | |
| 001 | 0010120926 | |
| 005 | 20001209112440.7 | |
| 010 | @a7-5326-0574-4@d160.00元 | |
| 100 | @a20001012d1999 km y0chiy0120 ea | |
| 101 | 0 | @achi |
| 105 | @a z 000yy | |
| 200 | 1 | @a辞海 下册@ACi Hai Xia Ce@f辞海编辑委员会编@FCi HaiBian Ji Wei Yuan Hui Bian |
| 210 | @a上海@c上海辞书出版社@d1999.09 | |
| 215 | @a2044页@d16开 | |
| 606 | 0 | @a词典@x中国 |
| 690 | @aZ32@v3 | |
| 701 | 0 | @a辞海编辑委员会@4编 |
| 801 | @aCN@bPftUser@c20001012 | |
| 905 | @dZ32@eX545:3@b301085@f1 | |
| 辞海 下册/辞海编辑委员会编.-上海:上海辞书出版社,1999.09 |
| 2044页;16开 |
| ISBN 7-5326-0574-4:160.00元 |
| ● |
| 相关链接 |
|
|
|
正题名:辞海下册
索取号:Z32/X545:3
 
预约/预借
| 序号 | 登录号 | 条形码 | 馆藏地/架位号 | 状态 | 备注 |
| 1 | 301085 | 203010856 | 自科库501/501自科库 130排1列3层/ [索取号:Z32/X545:3] | 在馆 |